Lingvistické zabezpečení automatizovaných systémů vědeckých a technických informací
Enregistré dans:
| Auteur principal: | |
|---|---|
| Autres auteurs: | |
| Format: | Livre |
| Langue: | tchèque |
| Publié: |
Praha
Ústředí vědeckých, technických a ekonomických informací
1983
|
| Tags: |
Pas de tags, Soyez le premier à ajouter un tag!
|
MARC
| LEADER | 00000nam a2200000 4500 | ||
|---|---|---|---|
| 001 | c116515 | ||
| 005 | 20250522124820.4 | ||
| 041 | 0 | |a cze | |
| 044 | |a CZ | ||
| 245 | 1 | 0 | |a Lingvistické zabezpečení automatizovaných systémů vědeckých a technických informací |c V.V. Morozov, S.B. Pevzner |
| 264 | 1 | |a Praha |b Ústředí vědeckých, technických a ekonomických informací |c 1983 | |
| 300 | |a 94 s. | ||
| 100 | 1 | |a Morozov, V.V. | |
| 700 | 1 | |a Pevzner, S.B. | |